000 03547cam a22012734i 4500
003 PE-LiUPU
005 20250813185558.0
008 150706s r 000 0 d
020 _a9788497566391
035 _a(Sirsi) i9788497566391
040 _aPE-LiUPU
_bspa
_cPE-LiUPU
_erda
049 _aPRUA
082 0 4 _a371.67
_bII4
_221
245 0 3 _aEl impacto de las TIC en los centros educativos :
_bejemplos de buenas prácticas /
_cManuel Cebrián de la Serna, José Sánchez Rodriguez, Julio Ruiz Palmero y Rafael Palomo López.
264 1 _aVallehermoso, Madrid :
_bSíntesis,
_c2009.
300 _a141 páginas ;
_c22 centímetros
336 _atext
_2rdacontent
337 _aunmediated
_2rdamedia
338 _avolume
_2rdacarrier
504 _aIncluye bibliografía.
505 0 _aEvaluación del impacto de las TIC en los centros educativos -- Las buenas prácticas orientadas al trabajo con el alumnado -- Las buenas prácticas orientadas al beneficio de la comunidad escolar -- Herramientas y metodologías innovadoras -- Software libre: definición, características y uso -- Impacto del Proyecto TIC en los centros públicos de Andalucía.
526 _aP202
526 _aP201
526 _aP163
526 _aP162
526 _aP161
526 _aP160
526 _aP148
526 _aP147
526 _aP146
526 _aP145
526 _aP144
526 _aP143
526 _aP142
526 _aP141
526 _aP140
526 _aP139
526 _aP138
526 _aP137
526 _aP136
526 _aP135
526 _aP134
526 _aP133
526 _aP129
526 _aP128
526 _aP127
526 _aP120
526 _aP119
526 _aP118
526 _aP116
526 _aP115
526 _aP114
526 _aP110
526 _aP109
526 _aP108
526 _aP104
526 _aP103
526 _aP102
526 _aP99
526 _aP98
526 _aP97
526 _aP96
526 _aP95
526 _aP93
526 _aP90
526 _aP89
526 _aP88
526 _aP83
526 _aP82
526 _aP62
526 _aP59
526 _aP58
526 _aP57
526 _aP51
526 _aP49
526 _aP48
526 _aP47
526 _aP29
526 _aP24
526 _aP20
526 _aP19
526 _aP17
526 _aP15
526 _aP14
526 _aP12
526 _aP10
526 _aP09
526 _aP08
526 _aP07
526 _aP06
526 _aP05
526 _aP04
526 _aP01
541 _g001-001372;
650 0 4 _aEnseñanza a distancia.
650 0 4 _aEnseñanza asistida por computadora.
650 0 4 _aInternet en la enseñanza.
650 0 4 _aTecnología educativa.
700 1 _aCebrián de la Serna, Manuel,
_eCoord.
700 1 _aPalomo López, Rafael.
700 1 _aRuiz Palmero, Julio
700 1 _aSánchez Rodríguez, José
910 _bjv
_clch
_d20101007
942 _2ddc
_cBOOK
949 _a371.67 II4
_wDEWEY
_c1
_i62135
_d2015-10-1
_e2015-9-30
_lCCODEBUL1
_mBUL
_n1
_p30.00
_r0
_sY
_tBOOK
_u2015-7-6
_xEDUCACION
_PP20
_0COMPRA
_o.STAFF. Colección General
994 _aC0
_bPEPRU
596 _a1
999 _a371.67 II4
_wDEWEY
_c51223
_i62135
_d51223
_e2019-3-6
_f2021-11-8
_g4
_lCCODEBUL1
_mBUL
_n6
_p30.00
_r0
_sY
_tBOOK
_u2015-7-6
_xEDUCACION
_PP20
_0COMPRA
_o.STAFF. Colección General
980 _81
_gALBERTO SANCHEZ Responsable de Automatización